Normal view
MARC view
Entry Término temático
001 - NÚMERO DE CONTROL
- campo de control: 30011
003 - IDENTIFICADOR DEL NÚMERO DE CONTROL
- campo de control: FranzMayer
005 - FECHA Y HORA DE LA ÚLTIMA TRANSACCIÓN
- campo de control: 20240119182328.0
008 - DATOS DE LONGITUD FIJA
- campo de control de longitud fija: 240119|| aca||aabn | a|a d
040 ## - FUENTE DE LA CATALOGACIÓN
- Centro catalogador/agencia de origen: FranzMayer
- Centro/agencia transcriptor: FranzMayer
150 ## - ENCABEZAMIENTO--TÉRMINO DE MATERIA
- Término de materia o nombre geográfico como elemento de entrada: Ensayos
- Subdivisión cronológica: Siglo XVI-XVII
670 ## - FUENTE DE DATOS ENCONTRADOS
- Cita de la fuente: Work cat.: (FranzMayer)11082: Ruiz Gutiérrez, Ana autor 30010, El Galeón de Manila [1565-1815] , 2016.